Nippon 1959 : A charted survey of Japan
Gardado en:
| Formato: | Libro |
|---|---|
| Idioma: | Undetermined |
| Publicado: |
Tokyo
Kokusei- Sha
1959
|
| Những chủ đề: | |
| Các nhãn: |
Engadir etiqueta
Sen Etiquetas, Sexa o primeiro en etiquetar este rexistro!
|
| Thư viện lưu trữ: | Trung tâm Học liệu Trường Đại học Cần Thơ |
|---|
| LEADER | 00493nam a2200193Ia 4500 | ||
|---|---|---|---|
| 001 | CTU_107218 | ||
| 008 | 210402s9999 xx 000 0 und d | ||
| 082 | |a 952 | ||
| 082 | |b N719/1959 | ||
| 245 | 0 | |a Nippon 1959 : | |
| 245 | 2 | |b A charted survey of Japan | |
| 245 | 0 | |c Th Tsuneta Yano Memorial Society | |
| 260 | |a Tokyo | ||
| 260 | |b Kokusei- Sha | ||
| 260 | |c 1959 | ||
| 650 | |a Japan | ||
| 650 | |x History | ||
| 904 | |i M.Loan | ||
| 980 | |a Trung tâm Học liệu Trường Đại học Cần Thơ | ||